Patricio Redondo y la técnica Freinet /

Análisis de la actividad educativa realizada en San Andrés Tuxtla, Veracruz, por Patricio Redondo Moreno (1885-1967), educador de origen español; llegó a México en 1940 y fundó la Escuela experimental Freinet, en la que implementó el método pedagógico que el mismo Célestin Freinet llamaba "educación...

Description complète

Enregistré dans:
Détails bibliographiques
Auteur principal: Redondo Moreno, Patricio (autor)
Autres auteurs: Costa Jou, Ramón (prólogo, selección y notas) (prólogo, selección y notas)
Format: Livre
Langue:espagnol
Publié: México : Secretaría de Educación Pública : Diana, 1981, c1981
Sujets:
Tags: Ajouter un tag
Pas de tags, Soyez le premier à ajouter un tag!

MARC

LEADER 00000nam^a2200000^a^4500
001 000373117
005 20250521000000.0
009 20260310120028.767
020 |a 968-13-0801-8 
037 |a Acervo Xavier Clavigero 
041 |a ESP 
082 |a 371. 39  |b RED 
100 |a Redondo Moreno, Patricio  |e (autor) 
245 1 0 |a Patricio Redondo y la técnica Freinet /  |c P. Redondo Moreno ; pról., selecc. y notas de R. Costa Jou. 
264 4 |a México :  |b Secretaría de Educación Pública :  |b Diana,  |c 1981, c1981 
300 |a 228 p. 
336 |a texto  |b txt  |2 rdacontenido 
337 |a sin mediación  |b n  |2 rdamedio 
338 |a volumen  |b nc  |2 rdasoporte 
501 |a Encuadernación particular 
520 |a Análisis de la actividad educativa realizada en San Andrés Tuxtla, Veracruz, por Patricio Redondo Moreno (1885-1967), educador de origen español; llegó a México en 1940 y fundó la Escuela experimental Freinet, en la que implementó el método pedagógico que el mismo Célestin Freinet llamaba "educación con el trabajo"; éste se caracteriza por ser popular, abierta a todos, centrado en el alumno y promueve una metodología de aprendizaje a través del juego activo, utilizando la imprenta escolar como material didáctico. 
561 |a Ex libris de Humberto García Bedoy 
649 |a XX 
650 |a Educadores Franceses 
650 |a Educadores Españoles  |x Memorias 
650 |a Periódico Mural y Tableros -  |z México 
650 |a Imprenta -  |z México 
650 |a Apoyos Didácticos -  |z México 
650 |a Sistema Escolar -  |z México 
650 |a Innovación Educativa -  |z México 
650 |a Medios Impresos -  |z México 
650 |a Aprendizaje mediante la Práctica -  |x Tema Principal 
650 |a Proceso Educativo -  |z México 
650 |a Educación Primaria -  |z México 
650 |a Educación 
650 |a Freinet, Célestin 
600 |a Redondo Moreno, Patricio 
740 3 |a La Técnica Freinet /  |c P. Redondo Moreno. 
700 |a Costa Jou, Ramón  |e (prólogo, selección y notas) 
910 |a Fondo General 
920 |a Impresos - Libros 
930 |a Colección General 
905 |a 101 
901 |a 0500063339  |b IT2  |c ESP  |i FXC D  |u 20250521 
902 |a https://opac.biblio.iteso.mx/vufind/Record/000373117